Sujeto, democracia y ciudadanía /

Uloženo v:
Podrobná bibliografie
Hlavní autor: Acosta, Yamandú
Médium: Text
Témata:
Tagy: Přidat tag
Žádné tagy, Buďte první, kdo vytvoří štítek k tomuto záznamu!

MARC

LEADER 00000 a a2200000 04500
001 11937
003
040
100 |a Acosta, Yamandú  
245 |a Sujeto, democracia y ciudadanía /  |c Yamandú Acosta  
650 |a DEMOCRACIA  
650 |a SISTEMAS POLITICOS  
650 |a CIUDADANIA  
773 |g número 90; páginas 1-10  
999 |c 21250  |d 21250 
773 0 |0 41641  |9 2541  |a Departamento Ecuménico de Investigaciones (DEI)  |d San José, Costa Rica Departamento Ecuménico de Investigaciones (DEI)  |o 20164  |t Pasos /